000 00983nam a2200289 a 4500
001 2526260
003 mut
005 20240606081003.0
008 940304s1994 maua b 001 0 eng
010 _a 93071201
020 _a0669340758 (instructor's ed.)
020 _a0669334944 (student ed.)
040 _aDLC
_cDLC
050 0 0 _aQH308.2
_b.L45 1994
082 0 0 _a574
_220
100 1 _aLevine, Joseph S.
245 1 0 _aBiology :
_bdiscovering life /
250 _a2nd ed., instructor's ed.
260 _aLexington, Mass. :
_bD.C. Heath,
_cc1994.
300 _a13, xxxi, 988, 57 p. :
_bill. (some col.) ;
_c29 cm.
504 _aIncludes bibliographical references and index.
650 0 _aBiology.
700 1 _aMiller, Kenneth R.
_q(Kenneth Raymond),
_d1948-
906 _a7
_bcbc
_corignew
_d2
_eopcn
_f19
_gy-gencatlg
942 _2lcc
_cBK
999 _c5771
_d5771